| 000 | 00530cam a2200205 4500 | ||
|---|---|---|---|
| 001 | E885 | ||
| 008 | 090401t1968 xxu||||| |||| 00| 0 eng d | ||
| 035 | _a(Sirsi) u54713 | ||
| 041 | _aeng | ||
| 050 | _a721.0212 | ||
| 110 |
_aMinistry of Housing and Local Government _91285 |
||
| 245 | _aSpace in the home, metric edition | ||
| 260 |
_aLondon _bHMSO _c1968 |
||
| 300 | _a40p. ; 30cm. | ||
| 350 | _a0 | ||
| 490 |
_aDesign Bulletin _v6 |
||
| 690 | _aBUILT ENVIRONMENT-CONSTRUCTION DESIGN | ||
| 942 | _n0 | ||
| 948 | _c04/03/1997 | ||
| 999 |
_c93495 _d93495 |
||